[Event "Manitoba-Tch Master"]
[Site "Winnipeg CAN"]
[Date "1998.04.20"]
[Round "3"]
[White "Rasmussen, Barry"]
[Black "Kollar, Frank"]
[Result "1/2-1/2"]
[WhiteElo "2195"]
[BlackElo "2233"]
[PlyCount "117"]
[GameId "2160767911873675"]
[EventDate "1998.03.27"]
[EventType "team"]
[EventRounds "5"]
[EventCountry "CAN"]

1. e4 c5 2. Nc3 Nc6 3. f4 g6 4. Nf3 Bg7 5. Bc4 d6 6. O-O e6 7. d3 Nge7 8. Qe1 Nd4 9. Nxd4 cxd4 10. Ne2 O-O 11. f5 exf5 12. Qh4 d5 13. exd5 Nxd5 14. Bg5 Qd6 15. Rf3 Be6 16. Rh3 h5 17. Bxd5 Bxd5 18. Be7 Qc6 19. Nf4 Rfe8 20. Rg3 Rxe7 21. Qxe7 Kh7 22. Nxd5 Qxd5 23. Re1 Rc8 24. Re2 Bf8 25. Qh4 Qxa2 26. Rf3 Qxb2 27. g4 Rxc2 28. gxh5 Kg8 29. hxg6 fxg6 30. Rh3 Kf7 31. Rxc2 Qb1+ 32. Kf2 Qxc2+ 33. Kf1 Qd1+ 34. Kf2 Qc2+ 35. Kf1 Qc1+ 36. Kf2 a5 37. Qd8 Qf4+ 38. Kg2 Qg4+ 39. Rg3 Qe2+ 40. Kg1 Qe5 41. Qb6 g5 42. Qxb7+ Be7 43. Qd7 g4 44. Kf2 a4 45. Qxa4 Bh4 46. Qa2+ Kf6 47. Kg2 Bxg3 48. hxg3 Qe6 49. Qd2 Qe3 50. Qc2 Qf3+ 51. Kh2 Kg5 52. Qc7 Qe2+ 53. Kh1 Qf1+ 54. Kh2 Qf2+ 55. Kh1 Kh6 56. Qd6+ Kh5 57. Qe5 Qf1+ 58. Kh2 Qxd3 59. Qe8+ 1/2-1/2

[Event "Manitoba-Tch Master"]
[Site "Winnipeg CAN"]
[Date "1998.07.17"]
[Round "3"]
[White "Kurlyandchik, Evgeni"]
[Black "Kaptsan, Aron"]
[Result "1/2-1/2"]
[WhiteElo "2094"]
[BlackElo "2259"]
[PlyCount "100"]
[GameId "2160767911873676"]
[EventDate "1998.03.27"]
[EventType "team"]
[EventRounds "5"]
[EventCountry "CAN"]

1. e4 e5 2. Nf3 Nc6 3. Bb5 a6 4. Ba4 Nf6 5. O-O Be7 6. Re1 b5 7. Bb3 d6 8. c3 O-O 9. h3 Nb8 10. d4 Nbd7 11. Nbd2 Bb7 12. Bc2 Re8 13. Nf1 Bf8 14. Ng3 g6 15. d5 c6 16. dxc6 Bxc6 17. Bg5 h6 18. Bxf6 Qxf6 19. Bb3 Nc5 20. Bd5 Bxd5 21. Qxd5 Ne6 22. Ne2 Qd8 23. Red1 Qb6 24. Nh2 h5 25. Nf1 Rad8 26. Rd3 Nc7 27. Qb3 Qc6 28. f3 Ne6 29. Qd5 Qb6+ 30. Kh1 Qf2 31. Rd2 Bh6 32. Rc2 Qb6 33. Rd1 Nc7 34. Qb3 Qc5 35. c4 b4 36. Qd3 a5 37. b3 Ne6 38. Qd5 Qb6 39. g3 Nc5 40. Kg2 Kg7 41. h4 f5 42. Nh2 fxe4 43. fxe4 Re6 44. Nf3 Rf8 45. Neg1 Ref6 46. Rf2 Ne6 47. Rff1 Qe3 48. Rd3 Qc5 49. Rfd1 Qb6 50. Qb5 Rb8 1/2-1/2

[Event "Manitoba-Tch Master"]
[Site "Winnipeg CAN"]
[Date "1998.04.17"]
[Round "4"]
[White "Kollar, Frank"]
[Black "Kirton, Dale"]
[Result "1/2-1/2"]
[WhiteElo "2233"]
[BlackElo "2219"]
[PlyCount "74"]
[GameId "2160767911873677"]
[EventDate "1998.03.27"]
[EventType "team"]
[EventRounds "5"]
[EventCountry "CAN"]

1. e4 c5 2. Nf3 e6 3. d4 cxd4 4. Nxd4 Nc6 5. g3 Nf6 6. Bg2 d5 7. exd5 exd5 8. O-O Be7 9. c4 O-O 10. Nc3 dxc4 11. Nxc6 bxc6 12. Bxc6 Rb8 13. Qc2 Be6 14. Bf4 Rc8 15. Bb7 Rc5 16. Rad1 Qa5 17. Rfe1 h6 18. a3 Rd8 19. Rxd8+ Qxd8 20. Rd1 Qb6 21. Bg2 Rc8 22. Be3 Qa5 23. Qa4 Qxa4 24. Nxa4 c3 25. Nxc3 Bxa3 26. bxa3 Rxc3 27. Ra1 Rc7 28. Rd1 Rc3 29. a4 Ra3 30. Bc6 Bb3 31. Rd8+ Kh7 32. Rd4 a6 33. Kg2 Ra2 34. g4 Rc2 35. Bb7 Ra2 36. Bxa6 Rxa4 37. Bd3+ g6 1/2-1/2

[Event "Manitoba-Tch Master"]
[Site "Winnipeg CAN"]
[Date "1998.04.17"]
[Round "4"]
[White "Langner, David"]
[Black "Kirton, Dale"]
[Result "1/2-1/2"]
[WhiteElo "2252"]
[BlackElo "2219"]
[PlyCount "45"]
[GameId "2160767911873678"]
[EventDate "1998.03.27"]
[EventType "team"]
[EventRounds "5"]
[EventCountry "CAN"]

1. e4 c5 2. Nf3 d6 3. d4 cxd4 4. Nxd4 Nf6 5. Nc3 a6 6. Bg5 e6 7. f4 Be7 8. Qf3 h6 9. Bh4 g5 10. fxg5 Nfd7 11. Nxe6 fxe6 12. Qh5+ Kf8 13. Bb5 Rh7 14. O-O+ Kg8 15. g6 Rg7 16. Rf7 Bxh4 17. Qxh6 Rxf7 18. gxf7+ Kxf7 19. Rf1+ Bf6 20. Qh7+ Kf8 21. Qh6+ Kg8 22. Qg6+ Bg7 23. Qf7+ 1/2-1/2

[Event "Manitoba-Tch Master"]
[Site "Winnipeg CAN"]
[Date "1998.04.27"]
[Round "4"]
[White "Kaptsan, Aron"]
[Black "Langner, David"]
[Result "1/2-1/2"]
[WhiteElo "2259"]
[BlackElo "2252"]
[PlyCount "25"]
[GameId "2160767911873679"]
[EventDate "1998.03.27"]
[EventType "team"]
[EventRounds "5"]
[EventCountry "CAN"]

1. d4 Nf6 2. Nf3 g6 3. g3 Bg7 4. Bg2 d6 5. O-O O-O 6. a4 a5 7. Na3 Nbd7 8. Nc4 c6 9. Qe1 d5 10. Nce5 Nxe5 11. Nxe5 Nd7 12. Nxd7 Bxd7 13. c3 1/2-1/2

[Event "Manitoba-Tch Master"]
[Site "Winnipeg CAN"]
[Date "1998.04.24"]
[Round "5"]
[White "Kirton, Dale"]
[Black "Henson, Joshua"]
[Result "1/2-1/2"]
[WhiteElo "2219"]
[BlackElo "2123"]
[PlyCount "23"]
[GameId "2160767911873680"]
[EventDate "1998.03.27"]
[EventType "team"]
[EventRounds "5"]
[EventCountry "CAN"]

1. e4 e6 2. d4 d5 3. exd5 exd5 4. Nf3 Bd6 5. Bd3 Ne7 6. O-O Nbc6 7. c4 dxc4 8. Bxc4 O-O 9. h3 Bf5 10. Nc3 Kh8 11. Re1 f6 12. Ne4 1/2-1/2

[Event "Manitoba-Tch Master"]
[Site "Winnipeg CAN"]
[Date "1998.04.24"]
[Round "5"]
[White "Kurlyandchik, Evgeni"]
[Black "Kollar, Frank"]
[Result "0-1"]
[WhiteElo "2094"]
[BlackElo "2233"]
[PlyCount "66"]
[GameId "2160767911873681"]
[EventDate "1998.03.27"]
[EventType "team"]
[EventRounds "5"]
[EventCountry "CAN"]

1. e4 c5 2. Nf3 a6 3. d4 cxd4 4. Nxd4 e5 5. Nb3 Nf6 6. Bg5 Bb4+ 7. c3 Be7 8. Bxf6 gxf6 9. Bc4 h5 10. N1d2 d6 11. Nf1 Be6 12. Ne3 Nd7 13. Bd5 Qc7 14. Qf3 Nb6 15. O-O-O O-O-O 16. Rd2 Rdg8 17. h4 Kb8 18. Rhd1 Bg4 19. Nxg4 hxg4 20. Qe2 Nxd5 21. Rxd5 Rxh4 22. Na5 Rc8 23. Kb1 Ka7 24. Nb3 Qc6 25. Na5 Qc7 26. Nb3 Rd8 27. Qe3+ Kb8 28. Qe2 Qc8 29. Na5 f5 30. Nc4 fxe4 31. Qxe4 g3 32. Nxd6 Rxe4 33. Nxc8 Kxc8 0-1

[Event "Manitoba-Tch Master"]
[Site "Winnipeg CAN"]
[Date "1998.04.24"]
[Round "5"]
[White "Langner, David"]
[Black "Rasmussen, Barry"]
[Result "0-1"]
[WhiteElo "2252"]
[BlackElo "2195"]
[PlyCount "89"]
[GameId "2160767911873682"]
[EventDate "1998.03.27"]
[EventType "team"]
[EventRounds "5"]
[EventCountry "CAN"]

1. e4 d5 2. exd5 Nf6 3. c4 e6 4. dxe6 Bxe6 5. Nf3 Nc6 6. Be2 Nd4 7. O-O Bc5 8. d3 O-O 9. Nc3 Bf5 10. Nxd4 Bxd4 11. Be3 c6 12. Qd2 Re8 13. Nd5 cxd5 14. Bxd4 dxc4 15. Bxf6 Qxf6 16. d4 Rad8 17. d5 b5 18. Bf3 Be4 19. Bxe4 Rxe4 20. Rad1 h6 21. Rfe1 Rxe1+ 22. Rxe1 Qg5 23. Qxg5 hxg5 24. Rd1 Kf8 25. f3 Ke7 26. a4 a6 27. axb5 axb5 28. h4 gxh4 29. Kf2 Kd6 30. Ke3 Re8+ 31. Kd4 Re5 32. Ra1 Rxd5+ 33. Kc3 Rd3+ 34. Kc2 h3 35. gxh3 Rxf3 36. Rg1 g6 37. h4 b4 38. Rg4 b3+ 39. Kd2 Kc5 40. h5 gxh5 41. Rg5+ Kb4 42. Rxh5 Rf2+ 43. Kc1 f5 44. Rh8 f4 45. Rc8 0-1

[Event "Manitoba-ch"]
[Site "Winnipeg CAN"]
[Date "1998.02.14"]
[Round "1"]
[White "Gentes, Kevin"]
[Black "Hellsten, Ole"]
[Result "1-0"]
[WhiteElo "2378"]
[BlackElo "1997"]
[PlyCount "75"]
[GameId "2160767911873900"]
[EventDate "1998.02.14"]
[EventType "tourn"]
[EventRounds "7"]
[EventCountry "CAN"]

1. Nf3 d5 2. c4 c6 3. g3 Nf6 4. Bg2 Bf5 5. cxd5 cxd5 6. Qb3 Qb6 7. Qxb6 axb6 8. Nc3 Bd7 9. Ne5 Bc6 10. d4 e6 11. O-O Nbd7 12. Nxc6 bxc6 13. Bd2 Be7 14. Rfc1 O-O 15. e4 Rfc8 16. exd5 cxd5 17. Be1 Ne8 18. Bh3 Ndf6 19. a3 Nd6 20. Rab1 Rc7 21. Bf1 Rac8 22. Ba6 Ra8 23. Bd3 Rac8 24. Rd1 Nd7 25. Nb5 Nxb5 26. Bxb5 h6 27. Bd2 Nf6 28. Bf4 Rc2 29. Bd3 R2c6 30. Ba6 Rd8 31. Rbc1 Rxc1 32. Rxc1 Bd6 33. Be3 Rb8 34. Rc6 Ne8 35. Bc8 e5 36. Bd7 exd4 37. Bxd4 Bc5 38. Bxc5 1-0

[Event "Manitoba-ch"]
[Site "Winnipeg CAN"]
[Date "1998.02.14"]
[Round "1"]
[White "Henson, Joshua"]
[Black "Kollar, Frank"]
[Result "0-1"]
[WhiteElo "2006"]
[BlackElo "2201"]
[PlyCount "78"]
[GameId "2160767911873901"]
[EventDate "1998.02.14"]
[EventType "tourn"]
[EventRounds "7"]
[EventCountry "CAN"]

1. e4 c5 2. Nf3 d6 3. d4 cxd4 4. Qxd4 Nc6 5. Bb5 Bd7 6. Bxc6 Bxc6 7. Nc3 Nf6 8. Bg5 e6 9. O-O-O Be7 10. Rhe1 O-O 11. Bxf6 Bxf6 12. Qxd6 Bxc3 13. bxc3 Qa5 14. Kb2 Bxe4 15. Qb4 Qxb4+ 16. cxb4 Bd5 17. a4 Rfc8 18. Rd4 Rc7 19. Red1 Rac8 20. Ne1 Kf8 21. f3 b6 22. R1d2 g5 23. Nd3 a5 24. b5 f6 25. Nf2 Rc4 26. Ng4 Ke7 27. Ne3 Rxd4 28. Rxd4 Rc5 29. Nxd5+ exd5 30. c3 Kd6 31. Kc2 Rc7 32. Kd3 f5 33. g3 h6 34. Kd2 Kc5 35. f4 g4 36. Kd3 Rd7 37. Kc2 Re7 38. Kd2 Re4 39. Kd3 h5 0-1

[Event "Manitoba-ch"]
[Site "Winnipeg CAN"]
[Date "1998.02.14"]
[Round "1"]
[White "Langner, David"]
[Black "Schulz, Manfred"]
[Result "1-0"]
[WhiteElo "2277"]
[BlackElo "2005"]
[PlyCount "79"]
[GameId "2160767911873902"]
[EventDate "1998.02.14"]
[EventType "tourn"]
[EventRounds "7"]
[EventCountry "CAN"]

1. e4 c6 2. d4 d5 3. e5 Na6 4. Nc3 g6 5. a3 Nc7 6. Bd3 Nh6 7. h3 Bf5 8. Bxh6 Bxh6 9. Bxf5 gxf5 10. Qh5 Bg7 11. Qxf5 Ne6 12. Nf3 Qb6 13. Ng5 Nxg5 14. Qxg5 O-O 15. O-O-O f6 16. Qg4 fxe5 17. Na4 Qb5 18. Nc5 Rf6 19. Nd3 Rg6 20. Qd7 exd4 21. f4 Rf8 22. f5 Rg3 23. Qxe7 Re3 24. Qg5 Kh8 25. Rhf1 Rf6 26. Rde1 Qb6 27. Ne5 Qc7 28. Ng4 Qg3 29. Rxe3 dxe3 30. Qxe3 Qxg2 31. Rg1 Qe4 32. Qxe4 dxe4 33. Nxf6 Bxf6 34. Kd2 Bd4 35. Re1 e3+ 36. Rxe3 Bxb2 37. Rb3 Bd4 38. Rxb7 Bb6 39. Kd3 Kg8 40. Rxb6 1-0

[Event "Manitoba-ch"]
[Site "Winnipeg CAN"]
[Date "1998.02.14"]
[Round "1"]
[White "Lauritson, Jim"]
[Black "Kirton, Dale"]
[Result "1/2-1/2"]
[WhiteElo "2076"]
[BlackElo "2252"]
[PlyCount "80"]
[GameId "2160767911873903"]
[EventDate "1998.02.14"]
[EventType "tourn"]
[EventRounds "7"]
[EventCountry "CAN"]

1. e4 c5 2. Nf3 e6 3. d4 cxd4 4. Nxd4 Nf6 5. Bd3 Nc6 6. Be3 d5 7. Nxc6 bxc6 8. e5 Nd7 9. f4 Bc5 10. Qe2 Qb6 11. Bxc5 Nxc5 12. b3 O-O 13. Nd2 a5 14. a4 f6 15. Nf3 f5 16. Qd2 Bd7 17. Qc3 Ne4 18. Qd4 c5 19. Qe3 d4 20. Qe2 Bc6 21. O-O Nc3 22. Qf2 h6 23. Nd2 Ne4 24. Qe2 Qb7 25. Nc4 Bd5 26. Rae1 Nc3 27. Qf2 Bxc4 28. Bxc4 Nd5 29. Bxd5 Qxd5 30. Rd1 Rfd8 31. Qe2 Rac8 32. Qc4 Qxc4 33. bxc4 Rb8 34. Rb1 Rb4 35. Rxb4 cxb4 36. Rd1 Kf7 37. Kf2 Ke7 38. Ke2 Rd7 39. Kd3 Rc7 40. Rg1 Kd7 1/2-1/2

[Event "Manitoba-ch"]
[Site "Winnipeg CAN"]
[Date "1998.02.14"]
[Round "2"]
[White "Henson, Joshua"]
[Black "Langner, David"]
[Result "1/2-1/2"]
[WhiteElo "2006"]
[BlackElo "2277"]
[PlyCount "79"]
[GameId "2160767911873904"]
[EventDate "1998.02.14"]
[EventType "tourn"]
[EventRounds "7"]
[EventCountry "CAN"]

1. e4 c5 2. Nf3 e6 3. d4 cxd4 4. Nxd4 a6 5. Bd3 Nf6 6. O-O Qc7 7. Be3 Nc6 8. Nd2 d6 9. f4 Be7 10. c3 O-O 11. Qf3 e5 12. Nxc6 Qxc6 13. Nc4 Ng4 14. f5 Nxe3 15. Nxe3 Qb6 16. Qf2 Bg5 17. Nd5 Qxf2+ 18. Kxf2 b5 19. Bc2 Bb7 20. Bb3 Rab8 21. a3 a5 22. Rfd1 Bd8 23. Kf3 g6 24. g4 Kg7 25. Ne3 Bc7 26. Rd2 Rfd8 27. Nd5 Bxd5 28. Bxd5 Bb6 29. Rad1 b4 30. axb4 axb4 31. cxb4 Bd4 32. Rc2 Rxb4 33. b3 Bc5 34. Ra2 g5 35. Rc2 Rh8 36. h3 h5 37. Kg2 h4 38. Kf3 Rhb8 39. Rd3 Kf6 40. Ra2 1/2-1/2

[Event "Manitoba-ch"]
[Site "Winnipeg CAN"]
[Date "1998.02.14"]
[Round "2"]
[White "Kirton, Dale"]
[Black "Gentes, Kevin"]
[Result "1/2-1/2"]
[WhiteElo "2252"]
[BlackElo "2378"]
[PlyCount "34"]
[GameId "2160767911873905"]
[EventDate "1998.02.14"]
[EventType "tourn"]
[EventRounds "7"]
[EventCountry "CAN"]

1. Nf3 Nf6 2. g3 g6 3. Bg2 Bg7 4. O-O c5 5. d3 d5 6. Nbd2 Nc6 7. e4 O-O 8. c3 e5 9. exd5 Nxd5 10. Re1 Nde7 11. Nc4 f6 12. Nfd2 Qxd3 13. Qb3 Kh8 14. Ne4 b6 15. Ncd6 Na5 16. Nf7+ Kg8 17. Nh6+ Kh8 1/2-1/2

[Event "Manitoba-ch"]
[Site "Winnipeg CAN"]
[Date "1998.02.14"]
[Round "2"]
[White "Kollar, Frank"]
[Black "Hellsten, Ole"]
[Result "1-0"]
[WhiteElo "2201"]
[BlackElo "1997"]
[PlyCount "69"]
[GameId "2160767911873906"]
[EventDate "1998.02.14"]
[EventType "tourn"]
[EventRounds "7"]
[EventCountry "CAN"]

1. d4 e6 2. c4 d5 3. Nc3 Nf6 4. Nf3 Be7 5. Bf4 c6 6. e3 O-O 7. Bd3 dxc4 8. Bxc4 b5 9. Bd3 Bb7 10. O-O Nbd7 11. a3 a6 12. Ne4 Nxe4 13. Bxe4 Nf6 14. Bd3 c5 15. dxc5 Bxc5 16. Rc1 Bb6 17. Qe2 h6 18. Rfd1 Nd5 19. Be5 f6 20. Bg3 Rc8 21. Bc2 Qe8 22. Bd6 Ne7 23. Qd3 f5 24. Bb3 Rf6 25. Rxc8 Nxc8 26. Ne5 Be4 27. Qd2 Kh7 28. Bb4 Qh5 29. Rf1 Bxg2 30. Kxg2 Rg6+ 31. Kh1 Qh3 32. Rg1 Bc7 33. Rxg6 Bxe5 34. Rg2 Bxh2 35. Qe2 1-0

[Event "Manitoba-ch"]
[Site "Winnipeg CAN"]
[Date "1998.02.14"]
[Round "2"]
[White "Schulz, Manfred"]
[Black "Lauritson, Jim"]
[Result "1/2-1/2"]
[WhiteElo "2005"]
[BlackElo "2076"]
[PlyCount "33"]
[GameId "2160767911873907"]
[EventDate "1998.02.14"]
[EventType "tourn"]
[EventRounds "7"]
[EventCountry "CAN"]

1. e4 c5 2. Nf3 e6 3. d4 cxd4 4. Nxd4 Nc6 5. Be3 a6 6. Nxc6 bxc6 7. c4 Nf6 8. Bd3 Be7 9. O-O Qc7 10. Nc3 d6 11. Qe2 Bb7 12. f4 O-O 13. Kh1 d5 14. cxd5 cxd5 15. exd5 Nxd5 16. Nxd5 Bxd5 17. Qh5 1/2-1/2

[Event "Manitoba-ch"]
[Site "Winnipeg CAN"]
[Date "1998.02.15"]
[Round "3"]
[White "Gentes, Kevin"]
[Black "Schulz, Manfred"]
[Result "1-0"]
[WhiteElo "2378"]
[BlackElo "2005"]
[PlyCount "85"]
[GameId "2160767911873908"]
[EventDate "1998.02.14"]
[EventType "tourn"]
[EventRounds "7"]
[EventCountry "CAN"]

1. c4 c6 2. Nf3 d5 3. g3 Bf5 4. Bg2 Nf6 5. b3 e6 6. Bb2 Be7 7. O-O O-O 8. d3 h6 9. Nbd2 Nbd7 10. a3 a5 11. Qc2 Re8 12. Bc3 Bf8 13. Rfe1 Bh7 14. Qb2 b5 15. cxb5 cxb5 16. b4 axb4 17. axb4 Nb6 18. Rxa8 Nxa8 19. Ra1 Nb6 20. Ra5 Na4 21. Qa1 Nxc3 22. Qxc3 Qd7 23. Nb3 Rc8 24. Nc5 Qe8 25. Nd4 Nd7 26. Ndb3 Nb6 27. Qa1 e5 28. Ra6 Rb8 29. Qa5 Na4 30. Bxd5 Be7 31. Bc6 Qc8 32. Bxb5 Nxc5 33. bxc5 Bxc5 34. Rc6 Bxf2+ 35. Kxf2 Qf5+ 36. Kg1 e4 37. dxe4 Qxe4 38. Qc3 Qb1+ 39. Kf2 Be4 40. Rc8+ Rxc8 41. Qxc8+ Kh7 42. Qc4 Qh1 43. Qxe4+ 1-0

[Event "Manitoba-ch"]
[Site "Winnipeg CAN"]
[Date "1998.02.15"]
[Round "3"]
[White "Hellsten, Ole"]
[Black "Kirton, Dale"]
[Result "1/2-1/2"]
[WhiteElo "1997"]
[BlackElo "2252"]
[PlyCount "41"]
[GameId "2160767911873909"]
[EventDate "1998.02.14"]
[EventType "tourn"]
[EventRounds "7"]
[EventCountry "CAN"]

1. d4 d5 2. Nf3 e6 3. e3 c5 4. c3 Nc6 5. Bd3 Nf6 6. Nbd2 Bd6 7. O-O O-O 8. dxc5 Bxc5 9. e4 e5 10. Qc2 h6 11. h3 Be6 12. exd5 Nxd5 13. Bf5 Qc8 14. Nh4 Nce7 15. Bxe6 Qxe6 16. Ne4 Bb6 17. c4 Nb4 18. Qb3 Nbc6 19. c5 Bc7 20. Be3 Rad8 21. Rfd1 1/2-1/2

[Event "Manitoba-ch"]
[Site "Winnipeg CAN"]
[Date "1998.02.15"]
[Round "3"]
[White "Langner, David"]
[Black "Kollar, Frank"]
[Result "1/2-1/2"]
[WhiteElo "2277"]
[BlackElo "2201"]
[PlyCount "64"]
[GameId "2160767911873910"]
[EventDate "1998.02.14"]
[EventType "tourn"]
[EventRounds "7"]
[EventCountry "CAN"]

1. e4 e6 2. d4 d5 3. e5 c5 4. c3 Nc6 5. Nf3 f6 6. Bb5 Bd7 7. O-O f5 8. c4 Nxd4 9. Nxd4 cxd4 10. Bxd7+ Qxd7 11. Qxd4 Ne7 12. Nc3 Nc6 13. Qh4 d4 14. Rd1 Rd8 15. Bg5 Rc8 16. Nb5 Bc5 17. b4 Bxb4 18. Nxd4 Qf7 19. Nxc6 bxc6 20. Rd3 O-O 21. Rad1 h6 22. Rd7 Qg6 23. Be7 Bxe7 24. Qxe7 f4 25. h3 Rf5 26. Rc7 Rxc7 27. Qxc7 Rg5 28. Qxc6 Rxe5 29. c5 Qc2 30. Qf3 Rxc5 31. Rd8+ Kh7 32. Qxf4 Qc1+ 1/2-1/2

[Event "Manitoba-ch"]
[Site "Winnipeg CAN"]
[Date "1998.02.15"]
[Round "3"]
[White "Lauritson, Jim"]
[Black "Henson, Joshua"]
[Result "1/2-1/2"]
[WhiteElo "2076"]
[BlackElo "2006"]
[PlyCount "30"]
[GameId "2160767911873911"]
[EventDate "1998.02.14"]
[EventType "tourn"]
[EventRounds "7"]
[EventCountry "CAN"]

1. e4 d5 2. exd5 Nf6 3. d4 Bg4 4. Nf3 Qxd5 5. Be2 Nc6 6. O-O O-O-O 7. c4 Qf5 8. Be3 e5 9. d5 e4 10. Nd4 Nxd4 11. Bxd4 Bd6 12. Bxf6 Bxe2 13. Qxe2 Qxf6 14. Nc3 Qe5 15. g3 f5 1/2-1/2

[Event "Manitoba-ch"]
[Site "Winnipeg CAN"]
[Date "1998.02.15"]
[Round "4"]
[White "Henson, Joshua"]
[Black "Gentes, Kevin"]
[Result "0-1"]
[WhiteElo "2006"]
[BlackElo "2378"]
[PlyCount "78"]
[GameId "2160767911873912"]
[EventDate "1998.02.14"]
[EventType "tourn"]
[EventRounds "7"]
[EventCountry "CAN"]

1. e4 c5 2. Nf3 e6 3. d4 cxd4 4. Nxd4 Nf6 5. Nc3 d6 6. g4 h6 7. Bg2 a6 8. Be3 Qc7 9. h3 Nc6 10. Qe2 Be7 11. O-O-O Bd7 12. f4 O-O-O 13. Nb3 Be8 14. Qf2 Nd7 15. Na4 g5 16. Nb6+ Kb8 17. Nxd7+ Rxd7 18. Kb1 gxf4 19. Bxf4 Ne5 20. Rhf1 h5 21. Bf3 hxg4 22. Bxg4 Rh4 23. Qg3 Nxg4 24. hxg4 e5 25. Be3 Qc4 26. Qg2 Qe6 27. Rf5 Qg6 28. Rg1 Rc7 29. Bf2 Rh7 30. Nd2 Bd7 31. Rf3 Bg5 32. Rd3 Bb5 33. Rd5 Bc6 34. Rd3 Bxd2 35. Rxd2 Bxe4 36. Qf1 Rxc2 37. Rxc2 Bxc2+ 38. Ka1 Qe4 39. Bb6 Qc6 0-1

[Event "Manitoba-ch"]
[Site "Winnipeg CAN"]
[Date "1998.02.15"]
[Round "4"]
[White "Kollar, Frank"]
[Black "Kirton, Dale"]
[Result "1/2-1/2"]
[WhiteElo "2201"]
[BlackElo "2252"]
[PlyCount "80"]
[GameId "2160767911873913"]
[EventDate "1998.02.14"]
[EventType "tourn"]
[EventRounds "7"]
[EventCountry "CAN"]

1. d4 d5 2. Bf4 e6 3. Nf3 c5 4. c3 Nc6 5. e3 Nf6 6. Bd3 Bd6 7. Nbd2 Bxf4 8. exf4 cxd4 9. cxd4 Qd6 10. g3 O-O 11. Rc1 b6 12. O-O Nb4 13. Bb1 Ba6 14. Re1 Bb7 15. Ne5 Nc6 16. Qa4 Rfc8 17. Rc3 a6 18. Rec1 Ne7 19. g4 b5 20. Rxc8+ Rxc8 21. Rxc8+ Bxc8 22. Qc2 g6 23. f3 Nd7 24. Nb3 f6 25. Nxd7 Bxd7 26. Qc5 Qxc5 27. Nxc5 Bc8 28. Kf2 Nc6 29. Ke3 Kf7 30. Bd3 Ke7 31. a4 bxa4 32. Nxa4 Kd6 33. Nc5 e5 34. fxe5+ fxe5 35. Nb3 a5 36. Bb5 exd4+ 37. Nxd4 Nxd4 38. Kxd4 g5 39. Bd3 h6 40. Bc2 Bd7 1/2-1/2

[Event "Manitoba-ch"]
[Site "Winnipeg CAN"]
[Date "1998.02.15"]
[Round "4"]
[White "Langner, David"]
[Black "Lauritson, Jim"]
[Result "1/2-1/2"]
[WhiteElo "2277"]
[BlackElo "2076"]
[PlyCount "74"]
[GameId "2160767911873914"]
[EventDate "1998.02.14"]
[EventType "tourn"]
[EventRounds "7"]
[EventCountry "CAN"]

1. e4 c5 2. Nf3 e6 3. d4 cxd4 4. Nxd4 Nc6 5. Nb5 d6 6. Bf4 e5 7. Be3 a6 8. N5c3 Nf6 9. Bg5 Be6 10. Bxf6 Qxf6 11. Nd5 Bxd5 12. Qxd5 Qe6 13. Qd2 Be7 14. Nc3 O-O 15. Bd3 Bd8 16. Nd5 Ne7 17. Bc4 Nxd5 18. Bxd5 Qd7 19. Qb4 Rb8 20. O-O b5 21. Rad1 Bb6 22. Bb3 Rbd8 23. Rd3 Bc5 24. Qd2 Kh8 25. Rh3 f5 26. Qg5 Rf6 27. Bd5 f4 28. Rd1 Qxh3 29. gxh3 Rg6 30. Qxg6 hxg6 31. Kg2 Kh7 32. Kf3 Kh6 33. Rg1 g5 34. c3 b4 35. cxb4 Bxb4 36. a3 Bc5 37. Rc1 a5 1/2-1/2

[Event "Manitoba-ch"]
[Site "Winnipeg CAN"]
[Date "1998.02.15"]
[Round "4"]
[White "Schulz, Manfred"]
[Black "Hellsten, Ole"]
[Result "1/2-1/2"]
[WhiteElo "2005"]
[BlackElo "1997"]
[PlyCount "33"]
[GameId "2160767911873915"]
[EventDate "1998.02.14"]
[EventType "tourn"]
[EventRounds "7"]
[EventCountry "CAN"]

1. e4 e6 2. Qe2 c5 3. g3 Nc6 4. c3 g6 5. Bg2 Bg7 6. f4 Nge7 7. Nf3 O-O 8. O-O d6 9. d3 b5 10. Be3 Rb8 11. d4 cxd4 12. cxd4 d5 13. e5 Qb6 14. Nbd2 Ba6 15. Rfd1 b4 16. Qf2 Na5 17. Rac1 1/2-1/2

[Event "Manitoba-ch"]
[Site "Winnipeg CAN"]
[Date "1998.02.21"]
[Round "5"]
[White "Gentes, Kevin"]
[Black "Langner, David"]
[Result "1/2-1/2"]
[WhiteElo "2378"]
[BlackElo "2277"]
[PlyCount "77"]
[GameId "2160767911873916"]
[EventDate "1998.02.14"]
[EventType "tourn"]
[EventRounds "7"]
[EventCountry "CAN"]

1. c4 e5 2. g3 Nc6 3. Bg2 g6 4. Nc3 d6 5. Rb1 Be6 6. d3 Bg7 7. e3 Qd7 8. b4 Nge7 9. Nd5 O-O 10. b5 Nd8 11. a4 Nc8 12. Ba3 c6 13. bxc6 bxc6 14. Nc3 f5 15. Nce2 Nf7 16. f4 Ne7 17. Nf3 Rab8 18. O-O Rxb1 19. Qxb1 Qc7 20. Qc2 Rb8 21. fxe5 Nxe5 22. Ned4 Nxf3+ 23. Bxf3 Bf7 24. Rb1 Rxb1+ 25. Qxb1 f4 26. gxf4 Bxd4 27. exd4 Nf5 28. Qb2 d5 29. Qb4 Qd8 30. cxd5 cxd5 31. a5 Qe8 32. Kh1 h5 33. Bg2 Kh7 34. Qd2 a6 35. Bh3 Qe6 36. Bc5 Be8 37. Bg2 Bb5 38. h3 Qe3 39. Bb4 1/2-1/2

[Event "Manitoba-ch"]
[Site "Winnipeg CAN"]
[Date "1998.02.21"]
[Round "5"]
[White "Hellsten, Ole"]
[Black "Henson, Joshua"]
[Result "0-1"]
[WhiteElo "1997"]
[BlackElo "2006"]
[PlyCount "68"]
[GameId "2160767911873917"]
[EventDate "1998.02.14"]
[EventType "tourn"]
[EventRounds "7"]
[EventCountry "CAN"]

1. d4 e6 2. e4 d5 3. Nc3 Bb4 4. e5 c5 5. a3 Ba5 6. b4 cxd4 7. Nb5 Bc7 8. f4 Ne7 9. Bd3 Bd7 10. Nf3 Bxb5 11. Bxb5+ Nbc6 12. Nxd4 O-O 13. Nxc6 Nxc6 14. Bd3 f6 15. Qh5 f5 16. O-O Bb6+ 17. Kh1 Rc8 18. Rf3 g6 19. Rg3 Kg7 20. Bb2 Bf2 21. Rg5 Qe8 22. g4 Ne7 23. Rf1 Bb6 24. Rf3 Kh8 25. Qh4 fxg4 26. Qxg4 Nf5 27. Rh3 Kg8 28. Bxf5 Rxf5 29. Qh5 Qf7 30. Rhg3 Rxg5 31. Qxg5 Rxc2 32. Rc3 Rxc3 33. Bxc3 Qf5 34. Qe7 Qe4# 0-1

[Event "Manitoba-ch"]
[Site "Winnipeg CAN"]
[Date "1998.02.21"]
[Round "5"]
[White "Kirton, Dale"]
[Black "Schulz, Manfred"]
[Result "1/2-1/2"]
[WhiteElo "2252"]
[BlackElo "2005"]
[PlyCount "42"]
[GameId "2160767911873918"]
[EventDate "1998.02.14"]
[EventType "tourn"]
[EventRounds "7"]
[EventCountry "CAN"]

1. d4 d5 2. c4 c6 3. Nf3 Nf6 4. Nc3 dxc4 5. a4 Bf5 6. e3 e6 7. Bxc4 Bb4 8. O-O O-O 9. Nh4 Nbd7 10. Nxf5 exf5 11. Qb3 Qb6 12. Na2 Bd6 13. Qxb6 Nxb6 14. Bb3 Rfe8 15. Bc2 g6 16. Nc3 Re7 17. g3 Bb4 18. Bd2 Nc4 19. Bc1 Rae8 20. Na2 Ba5 21. Rd1 Nd5 1/2-1/2